| 000 | 00841nam a2200253 a 4500 | ||
|---|---|---|---|
| 001 | 000024085 | ||
| 005 | 20200930022714.0 | ||
| 008 | 110118s1965 sp a 000 j spa d | ||
| 040 |
_aDO-SdBNP _bspa _cBNPHU |
||
| 082 |
_a863.5 _bA321h |
||
| 100 | 1 |
_aAlarcón, Pedro Antonio de, _d1833-1891 _938330 |
|
| 245 | 1 | 0 |
_aHistorietas nacionales / _cPedro Antonio de Alarcón ; edición de L. González-Palencia. |
| 260 |
_aMadrid : _bAnaya, _c1965. |
||
| 300 |
_a82, [6] p. : _bil. ; _c17 cm. |
||
| 490 | 1 |
_aBiblioteca Anaya _v69 |
|
| 504 | _aIncluye referencias bibliográficas. | ||
| 650 | 4 |
_aCuentos españoles _93194 |
|
| 650 | 4 |
_aLiteratura española _9632 |
|
| 650 | 4 |
_aEspaña _xVida social y costumbres _949479 |
|
| 700 | 1 |
_aGonzález-Palencia, L., _etr. _949480 |
|
| 830 | 0 |
_aBiblioteca Anaya _v69 _98674 |
|
| 910 | _aWM | ||
| 049 | _aBNGR | ||
| 999 |
_c23580 _d23580 |
||